000
00485nam a2200145Ia 4500
008
151213s9999 xx 000 0 und d
100
_a
হামিদা রহমান।
245
_a
বেনারসী।
_c
হামিদা রহমান।
260
_a
ঢাকা
_b
শিল্পতরু।প্রকাশনী।
_c
1987
300
_a
8793 p.
650
_a
Bangla
650
_a
কবিতা
700
_a
হামিদা রহমান।
999
_c
4578
_d
4578